| 000 | 00765nam a2200229 a 4500 | ||
|---|---|---|---|
| 001 | 40165 | ||
| 003 | BD-RjUL | ||
| 005 | 20211209053142.0 | ||
| 008 | 160423s2000 bg ||||| |||| 00| 0 ben d | ||
| 020 | _c: TK 200.00 | ||
| 035 | _a(BD-RjUL)40280 | ||
| 040 |
_aBD-RjUL _bben _cBD-RjUL |
||
| 041 | _aben | ||
| 082 |
_223 _a344.01125 _bSIS 2000 |
||
| 100 |
_aসিদ্দিক, এ. বি. _9123664 |
||
| 245 | 1 | 0 |
_aশ্রম ও শিল্প আইন / _cএ. বি. সিদ্দিক |
| 260 |
_aঢাকা : _bকামরুল বুক হাউস, _c২০০০ |
||
| 300 |
_a[১০], ২৪০ পৃ. ; _c২১ সেমি |
||
| 650 |
_aশ্রম আইন _9123665 |
||
| 650 |
_aLabour Law _9123666 |
||
| 942 |
_2ddc _cBK |
||
| 999 |
_c40165 _d40165 |
||